000 00688nam a2200241 i 4500
001 C2-0275864
003 PPAK
005 20180728004520.0
008 061108s2006 my |||| ||||| | may d
020 _a9830615294
040 _aPPAK
_beng
_cPPAK
_erda
082 0 4 _a297.44
_223
090 0 0 _a297.44
_bIBN
_dG
100 0 _aIbnu Muhammad Al-Fandahani,
_eauthor
245 1 0 _aWahai ibu...! bimbinglah tangan anakmu ke syurga
264 1 _aBatu Caves, Selangor :
_bCrescent News ,
_c2006
300 _a150 pages ;
_c23 cm
336 _2rdacontent
_atext
337 _2rdamedia
_aunmediated
338 _2rdacarrier
_avolume
650 1 0 _aIslamic religious practice.
942 _ddc
_cB
999 _c83464
_d83464